000 00770nam a2200241 4500
003 OSt
005 20240702010927.0
006 a
008 240702b |||||||| |||| 00| 0 eng d
020 _a0256261474
040 _aDWCL-Main lib.
_cOC
082 _2Third edition
_aCirc. 004 Sa87w 1999
100 _aWilliams, Brian K.
245 _aUsing information technology: a practical introduction to computers & communications /
250 _aThird edition
260 _aBoston:
_bIrwin/ McGraw-Hill Companies, Inc.
_cc1999.
300 _axxii,
_b345 p. ;
_c27 cm.
504 _aIncludes index.
650 _a1. Computers.
650 _a2. Telecommunications Systems.
650 _a3. Information Technology.
942 _2ddc
_n0
_cBK-CIRC
_eThird edition
_kCirc.
999 _c1747
_d1747